000 00645nam a2200205Ia 4500
003 GCL
008 140319s9999 xx 000 0 ara d
040 _aGCL /
_cGCL
082 0 4 _a415.1
_bع ا
100 1 _aزين كامل الخويسكى
245 1 0 _aالعرف العربى صياغة جديدة /
_cزين كامل الخويسكى
700 1 _aعبدالجواد حسين البابا
260 _a[S.N] :
_bميدتو للتنمية والرعاية الصحية ،
_c1988
300 _a171 ص
490 _a
650 0 4 _aنحو
650 0 4 _aاللغة العربية
650 0 4 _aالنحو الفاظ
942 _2ddc
_cBK
999 _c36461
_d36461